[Event "Mazowiec-chT 1415"]
[Site "Warsaw"]
[Date "2015.02.15"]
[Round "5.11"]
[White "Markiewicz, Michal"]
[Black "Sujkowski, Pawel"]
[Result "0-1"]
[WhiteElo "1588"]
[BlackElo "1905"]
[PlyCount "76"]
[EventDate "2015.01.11"]
[EventType "team-tourn"]
[EventRounds "7"]
[EventCountry "POL"]
[SourceTitle "EXT 2019"]
[Source "ChessBase"]
[SourceDate "2018.10.10"]
[SourceVersion "1"]
[SourceVersionDate "2018.10.10"]
[SourceQuality "1"]

1. d4 Nf6 2. c4 c5 3. d5 e6 4. Nc3 exd5 5. cxd5 d6 6. e4 g6 7. Be2 a6 8. f4 Bg7 9. Nf3 0-0 10. 0-0 Re8 11. Qc2 b5 12. Nd2 b4 13. Nd1 Nxd5 14. Nc4 Nc6 15. Bf3 Nd4 16. Qd3 Nb6 17. Nxb6 Qxb6 18. Ne3 a5 19. Nd5 Qd8 20. Qd1 Bb7 21. Rb1 f5 22. exf5 Nxf3+ 23. Qxf3 gxf5 24. Nf6+ Qxf6 25. Qxb7 Qf7 26. Qc6 Qxa2 27. Bd2 Qc4 28. Rfe1 Rec8 29. Qd7 Qd4+ 30. Be3 Qf6 31. Bf2 Rd8 32. Qc6 a4 33. b3 a3 34. Ra1 a2 35. Qf3 Qxa1 36. Rxa1 Bxa1 37. Qd5+ Kh8 38. Qe6 Bg7 0-1

[Event "Warsaw YMCA Winter 150th"]
[Site "Warsaw"]
[Date "2015.02.13"]
[Round "6"]
[White "Baranska, Monika"]
[Black "Sujkowski, Pawel"]
[Result "0-1"]
[WhiteElo "1875"]
[BlackElo "1905"]
[PlyCount "74"]
[EventDate "2015.01.08"]
[EventType "tourn"]
[EventRounds "13"]
[EventCountry "POL"]
[SourceTitle "EXT 2019"]
[Source "ChessBase"]
[SourceDate "2018.10.10"]
[SourceVersion "1"]
[SourceVersionDate "2018.10.10"]
[SourceQuality "1"]

1. d4 Nf6 2. c4 c5 3. d5 e6 4. Nc3 exd5 5. cxd5 d6 6. e4 g6 7. f4 Bg7 8. Nf3 0-0 9. Bd3 b5 10. 0-0 c4 11. Bc2 b4 12. Ne2 Re8 13. Ng3 Qa5 14. h3 b3 15. Bb1 Nbd7 16. Kh1 c3 17. Qxb3 cxb2 18. Bxb2 Rb8 19. Qa3 Qxa3 20. Bxa3 Nxd5 21. Bxd6 Rb6 22. Be5 Nxe5 23. fxe5 Nb4 24. a3 Nc6 25. Ba2 Be6 26. Bxe6 Rxe6 27. Rad1 Rb7 28. Rd6 Nxe5 29. Rd8+ Bf8 30. Nxe5 Rxe5 31. Rf6 Rb3 32. Nf1 Rxe4 33. Ra6 Rb1 34. Rf6 Kg7 35. Rf3 Ree1 36. Rxf8 Rxf1+ 37. Rxf1 Rxf1+ 0-1

[Event "Warsaw YMCA Spring-A 138th"]
[Site "Warsaw"]
[Date "2014.04.11"]
[Round "1"]
[White "Sujkowski, Pawel"]
[Black "Sielicki, Tomasz"]
[Result "1/2-1/2"]
[WhiteElo "1951"]
[BlackElo "2010"]
[PlyCount "121"]
[EventDate "2014.04.08"]
[EventType "tourn"]
[EventRounds "11"]
[EventCountry "POL"]
[SourceTitle "EXT 2015"]
[Source "ChessBase"]
[SourceDate "2014.11.20"]
[SourceVersion "1"]
[SourceVersionDate "2014.11.20"]
[SourceQuality "1"]

1. e4 e5 2. Nf3 Nc6 3. Bb5 a6 4. Bxc6 dxc6 5. 0-0 Bg4 6. h3 Bh5 7. d3 Bd6 8. Be3 Ne7 9. Nbd2 Qd7 10. c3 f6 11. d4 exd4 12. cxd4 0-0-0 13. Qc2 Ng6 14. e5 fxe5 15. dxe5 Nxe5 16. Nxe5 Bxe5 17. Qc5 Bd4 18. Bxd4 Qxd4 19. Qxh5 Qxd2 20. Qg4+ Qd7 21. Qb4 Qd4 22. Qb3 Rd5 23. Rac1 Rf8 24. Rc4 Qd2 25. Rc2 Qd3 26. Rc3 Qd4 27. Rc4 Qe5 28. Qc2 h5 29. Re4 Qd6 30. Re2 b6 31. b3 Kb7 32. Rfe1 Rf6 33. Qh7 Rg6 34. Re3 Rd2 35. Qxh5 Rxa2 36. Re8 Qf6 37. Rf1 Qg5 38. Qf3 Qd5 39. Re4 Rb2 40. Re3 a5 41. Rfe1 Qxf3 42. Rxf3 Rf6 43. Rxf6 gxf6 44. Re3 b5 45. h4 a4 46. bxa4 bxa4 47. h5 Rb5 48. g4 Rg5 49. Rg3 a3 50. Rxa3 Rxg4+ 51. Kh2 c5 52. h6 Rg8 53. Rh3 Kc6 54. h7 Rh8 55. Kg3 Kd5 56. Kf3 Ke5 57. Rh5+ f5 58. Ke3 Kf6 59. Kf4 Kg6 60. Rxf5 Rxh7 61. Rxc5 1/2-1/2

[Event "Warsaw YMCA Winter-B 135th"]
[Site "Warsaw"]
[Date "2014.03.20"]
[Round "12"]
[White "Kosny, Marek"]
[Black "Sujkowski, Pawel"]
[Result "1/2-1/2"]
[WhiteElo "1964"]
[BlackElo "1975"]
[PlyCount "37"]
[EventDate "2014.01.08"]
[EventType "tourn"]
[EventRounds "13"]
[EventCountry "POL"]
[SourceTitle "EXT 2015"]
[Source "ChessBase"]
[SourceDate "2014.11.20"]
[SourceVersion "1"]
[SourceVersionDate "2014.11.20"]
[SourceQuality "1"]

1. c4 c5 2. Nc3 Nc6 3. g3 g6 4. Bg2 Bg7 5. Nf3 e6 6. 0-0 Nge7 7. d3 0-0 8. Bf4 d6 9. Qd2 Re8 10. Ne4 e5 11. Bg5 Rf8 12. Nf6+ Kh8 13. Nd5 f6 14. Nxe7 Qxe7 15. Bh6 Rb8 16. Ne1 Nd4 17. Bxg7+ Kxg7 18. Nc2 Nxc2 19. Qxc2 1/2-1/2

[Event "Warsaw Najdorf Memorial op-A 11th"]
[Site "Warsaw"]
[Date "2013.08.06"]
[Round "2"]
[White "Warakomska, Anna"]
[Black "Sujkowski, Pawel"]
[Result "0-1"]
[WhiteElo "2095"]
[BlackElo "1977"]
[PlyCount "64"]
[EventDate "2013.08.05"]
[EventType "swiss"]
[EventRounds "9"]
[EventCountry "POL"]
[SourceTitle "CBM 155 Extra"]
[Source "ChessBase"]
[SourceDate "2013.08.26"]
[SourceVersion "1"]
[SourceVersionDate "2013.08.26"]
[SourceQuality "1"]

1. e4 e6 2. d4 d5 3. Nc3 Nf6 4. e5 Nfd7 5. f4 c5 6. Nf3 Nc6 7. Be3 Qb6 8. Qd2 Qxb2 9. Rb1 Qa3 10. Nb5 Qxa2 11. Qc1 Qa5+ 12. Bd2 Qd8 13. c4 a6 14. cxd5 axb5 15. dxc6 bxc6 16. Bd3 Be7 17. 0-0 g6 18. Be3 c4 19. Be4 Bb7 20. Bd2 Qc7 21. Qb2 0-0 22. Ng5 Ra3 23. Bc2 Rfa8 24. Bb4 Ra2 25. Qc3 c5 26. dxc5 Bxc5+ 27. Kh1 Bxb4 28. Rxb4 R8a3 29. Qd2 Qc6 30. Nf3 Qd5 31. Qxd5 Bxd5 32. Nd4 Rc3 0-1

[Event "Warsaw Najdorf Memorial op-A 11th"]
[Site "Warsaw"]
[Date "2013.08.05"]
[Round "1"]
[White "Sujkowski, Pawel"]
[Black "Iwanow, Anna"]
[Result "0-1"]
[WhiteElo "1977"]
[BlackElo "2230"]
[PlyCount "74"]
[EventDate "2013.08.05"]
[EventType "swiss"]
[EventRounds "9"]
[EventCountry "POL"]
[SourceTitle "CBM 155 Extra"]
[Source "ChessBase"]
[SourceDate "2013.08.26"]
[SourceVersion "1"]
[SourceVersionDate "2013.08.26"]
[SourceQuality "1"]

1. e4 c5 2. Nf3 e6 3. d4 cxd4 4. Nxd4 Nc6 5. Nc3 Qc7 6. g3 Nf6 7. Bg2 a6 8. 0-0 d6 9. Re1 Bd7 10. Nxc6 bxc6 11. Na4 h5 12. h3 Be7 13. c4 Rb8 14. b3 h4 15. g4 e5 16. f4 Nh7 17. Qd3 exf4 18. Bxf4 Be6 19. c5 Rd8 20. Qxa6 0-0 21. cxd6 Bxd6 22. Bxd6 Qxd6 23. Qe2 Ng5 24. e5 Qd2 25. Nb6 Qb4 26. Qe3 f6 27. exf6 gxf6 28. Rad1 Rde8 29. Qd4 Qa5 30. Na4 Rd8 31. Qe3 Bd5 32. Qf2 Bxg2 33. Qxg2 Rxd1 34. Rxd1 Re8 35. Kh2 Re3 36. Qxc6 Qe5+ 37. Kg1 Nxh3+ 0-1

[Event "Warsaw-ch opA 66th"]
[Site "Warsaw"]
[Date "2013.05.14"]
[Round "4"]
[White "Harazinska, Ewa"]
[Black "Sujkowski, Pawel"]
[Result "1/2-1/2"]
[WhiteElo "2070"]
[BlackElo "1956"]
[PlyCount "48"]
[EventDate "2013.05.11"]
[EventType "swiss"]
[EventRounds "9"]
[EventCountry "POL"]
[SourceTitle "CBM 154 Extra"]
[Source "ChessBase"]
[SourceDate "2013.06.25"]
[SourceVersion "2"]
[SourceVersionDate "2013.06.25"]
[SourceQuality "1"]

1. d4 d5 2. c4 c6 3. Nf3 Nf6 4. Qc2 g6 5. g3 Bg7 6. Bg2 0-0 7. 0-0 Ne4 8. Rd1 h6 9. Nbd2 Nxd2 10. Bxd2 Qb6 11. c5 Qd8 12. Bf4 Bf5 13. Qa4 Nd7 14. Rac1 g5 15. Be3 Re8 16. b4 a6 17. Qb3 e5 18. dxe5 Nxe5 19. Nxe5 Bxe5 20. Bd2 Bg7 21. e3 Be4 22. Bc3 Bxg2 23. Kxg2 Re4 24. Qb2 Qf8 1/2-1/2

[Event "Warsaw YMCA Winter-B 117th"]
[Site "Warsaw"]
[Date "2013.02.13"]
[Round "6"]
[White "Szwaj, Jacek"]
[Black "Sujkowski, Pawel"]
[Result "1/2-1/2"]
[WhiteElo "1915"]
[BlackElo "2014"]
[PlyCount "33"]
[EventDate "2013.01.09"]
[EventType "tourn"]
[EventRounds "11"]
[EventCountry "POL"]
[SourceTitle "EXT 2014"]
[Source "ChessBase"]
[SourceDate "2013.11.20"]
[SourceVersion "1"]
[SourceVersionDate "2013.11.20"]
[SourceQuality "1"]

1. e4 c5 2. Nf3 Nc6 3. d4 cxd4 4. Nxd4 g6 5. c4 Nf6 6. Nc3 d6 7. Be2 Nxd4 8. Qxd4 Bg7 9. Qd3 0-0 10. 0-0 Be6 11. Be3 Qa5 12. Bd4 Rfc8 13. b3 Nd7 14. Bxg7 Kxg7 15. Nd5 Bxd5 16. exd5 Qc7 17. Qd4+ 1/2-1/2

[Event "Warsaw YMCA Winter-B 117th"]
[Site "Warsaw"]
[Date "2013.01.23"]
[Round "3"]
[White "Rozycki, Bartlomiej"]
[Black "Sujkowski, Pawel"]
[Result "1-0"]
[WhiteElo "2011"]
[BlackElo "2014"]
[PlyCount "63"]
[EventDate "2013.01.09"]
[EventType "tourn"]
[EventRounds "11"]
[EventCountry "POL"]
[SourceTitle "EXT 2014"]
[Source "ChessBase"]
[SourceDate "2013.11.20"]
[SourceVersion "1"]
[SourceVersionDate "2013.11.20"]
[SourceQuality "1"]

1. e4 c6 2. d4 d5 3. Nc3 dxe4 4. Nxe4 Nd7 5. Bc4 Ngf6 6. Ng5 e6 7. Qe2 Nb6 8. Bd3 h6 9. N5f3 c5 10. dxc5 Bxc5 11. Ne5 Nbd7 12. Ngf3 Qc7 13. Bf4 Bb4+ 14. Kf1 Nh5 15. g3 Nxf4 16. gxf4 0-0 17. Qe4 Nf6 18. Qxb4 Nd5 19. Qe4 f5 20. Qc4 Qd8 21. Ng6 Rf6 22. Nfe5 Qe8 23. Rg1 Kh7 24. h4 b6 25. Qb5 Qd8 26. h5 Bb7 27. Rd1 Qd6 28. Be2 a5 29. c4 Ba6 30. Qd7 Qc5 31. cxd5 Qc2 32. Nf8+ 1-0